Child development a practical introduction : A practical introduction
An accessible text covering the key elements of child development by drawing on research and key theories in the field.
保存先:
| 第一著者: | |
|---|---|
| フォーマット: | 図書 |
| 言語: | Undetermined |
| 出版事項: |
Los Angeles
SAGE
2014
|
| 主題: | |
| タグ: |
タグ追加
タグなし, このレコードへの初めてのタグを付けませんか!
|
| Thư viện lưu trữ: | Trung tâm Học liệu Trường Đại học Cần Thơ |
|---|
| LEADER | 00707nam a2200217Ia 4500 | ||
|---|---|---|---|
| 001 | CTU_207676 | ||
| 008 | 210402s9999 xx 000 0 und d | ||
| 020 | |c 634000 | ||
| 082 | |a 305.231 | ||
| 082 | |b C953 | ||
| 100 | |a Crowley, Kevin | ||
| 245 | 0 | |a Child development a practical introduction : | |
| 245 | 2 | |b A practical introduction | |
| 245 | 0 | |c Kevin Crowley | |
| 260 | |a Los Angeles | ||
| 260 | |b SAGE | ||
| 260 | |c 2014 | ||
| 520 | |a An accessible text covering the key elements of child development by drawing on research and key theories in the field. | ||
| 650 | |a Child development,Phát triển của trẻ | ||
| 904 | |i Hải | ||
| 980 | |a Trung tâm Học liệu Trường Đại học Cần Thơ | ||